Statistics for Throne of Glass-Places Quiz

Click here to take the quiz!

General Stats

  • This quiz has been taken 318 times
  • The average score is 17 of 37

Answer Stats

Place DescriptionPlace Name% Correct
Celaena was sentenced to 9 years in this place.Endovier
88%
The country in which Aelin is the ruler of.Terrasen
88%
The country of which Dorian is the ruler of.Adarlan
86%
The city in which Aelin was born and raised till age 8.Orynth
80%
The city ruled by Queen Maeve.Doranelle
76%
The city which had the enormous glass castle.Rifthold
76%
Elide was the rightful Lady of this regionPerranth
71%
The princess of this kingdom died in the glass castle.Eyllwe
70%
The mountains in which Kaltian and Roland were taken to.Morath
69%
Kingdom located east of the North Continent.Wendlyn
62%
The place that Celaena freed 200 slaves from.Skull's Bay
61%
The place where Celaena went to train with the Silent Assassins.Red Desert
59%
A healer "school" on the Southern Continent.Torre Cesme
56%
Where Chaol Westfall hails from.Anielle
55%
Yrene hailed from this place.Fenharrow
52%
Ansel was declared queen of this territory when she took back ....vThe Wastes
47%
These islands contain Rolfe's territory as well as other islands.Dead Islands
43%
A gap between mountain ranges that the witches crossed.The Ferian Gap
43%
The slave mine that had rebelled.Calaculla
42%
Sometimes called the North Continent.Erilea
41%
This place is where Benzo Doneval came from in The Assassin's Blade.Melisande
41%
The territory that the Ironteeth witches wanted back.The Western Wastes
41%
Was the main building that The Assassins lived in.Assassins Guild
40%
Ansel's city that Lord Loch killed her family for.Briarcliff
39%
The place that Aelin stayed when she was training to use her power with Rowan.Mistward
33%
This was a glorious city on the Southern Continent where the palace of the kaghan was.Antica
31%
Ren and Murtaugh were from this place in Aelin's kingdom.Allsbrook
28%
This is the place that Aelin went to with her court to find the Lock.Stone Marshes
23%
The river that Rowan and Dorian used to escape the witches taking over the city.Avery River
22%
Where Roland hails from.Meah
20%
This place is where Celaena got a piece of spidersilk from a merchant.Xandria
19%
A port city on the eastern coast of ....vBellhaven
17%
The forest range that Aelin and her court traveled through to get to Aelin's kingdom.Oakwald Forest
17%
The mountain range named after the 'Lord of the North', just passed Aelin's kingdom's capital cityThe Staghorn Mountains
17%
A canyon that Celaena and Ansel jumped over when they had stolen asterion mares.The Cleaver
6%
The place that Aelin had her first encounter with Erawan. Aelin took back this place from the Valg.Illium
5%
The place where Aelin first knew that Rowan was her mate.Temis's Temple
3%

Score Distribution

Percentile by Number Answered

Percent of People with Each Score

Your Score History

You have not taken this quiz